[Event "Open Villa de Benasque 2018"]
[Site "Benasque ESP"]
[Date "2018.07.09"]
[Round "5.6"]
[White "Kavutskiy, Konstantin"]
[Black "Zubov, Alexander"]
[Result "0-1"]
[WhiteElo "2409"]
[BlackElo "2611"]
[PlyCount "114"]
[EventDate "2018.07.05"]
[EventType "swiss"]
[EventRounds "10"]
[EventCountry "ESP"]
[SourceTitle "Ajedrez en Madrid"]
[Source "lmi"]
[SourceDate "2018.07.05"]
[SourceVersion "1"]
[SourceVersionDate "2018.07.14"]
[SourceQuality "1"]

1. d4 Nf6 2. c4 g6 3. Nc3 d5 4. cxd5 Nxd5 5. e4 Nxc3 6. bxc3 Bg7 7. Qa4+ Nd7 8.
Nf3 O-O 9. Be2 c5 10. O-O a6 11. Qa3 Qc7 12. Re1 e6 13. Bg5 b6 14. e5 Bb7 15.
Be7 Rfe8 16. Bd6 Qc6 17. Bd3 Bh6 18. Rab1 cxd4 19. cxd4 b5 20. Be4 Qc8 21. Qd3
Nb6 22. Bxb7 Qxb7 23. Re4 Nc4 24. Bc5 Qd5 25. Rh4 Bg7 26. Rxh7 Bxe5 27. Rh4 Bg7
28. Qe4 Rad8 29. Qxd5 exd5 30. Kf1 Re6 31. Rg4 Rde8 32. Rg5 Rd8 33. h4 Bf6 34.
Rg3 Bxh4 35. Rh3 Bf6 36. a4 bxa4 37. Ra1 Rb8 38. g4 a3 39. Ne5 Rb3 40. Kg2 Rxh3
41. Kxh3 Nxe5 42. dxe5 Bxe5 43. Rxa3 Rc6 44. Bb4 Bd6 45. Bxd6 Rxd6 46. Kg2 d4
47. Kf1 d3 48. Ke1 Re6+ 49. Kd2 Re2+ 50. Kxd3 Rxf2 51. Ke3 Rf6 52. Ra5 Kf8 53.
Ke4 Ke7 54. Ra1 g5 55. Ke5 Rf4 56. Rxa6 f6+ 57. Kd5 Kf7 0-1

[Event "Open Villa de Benasque 2018"]
[Site "Benasque ESP"]
[Date "2018.07.09"]
[Round "5.7"]
[White "Suarez Uriel, Adrian"]
[Black "Vocaturo, Daniele"]
[Result "0-1"]
[WhiteElo "2405"]
[BlackElo "2609"]
[PlyCount "196"]
[EventDate "2018.07.05"]
[EventType "swiss"]
[EventRounds "10"]
[EventCountry "ESP"]
[SourceTitle "Ajedrez en Madrid"]
[Source "lmi"]
[SourceDate "2018.07.05"]
[SourceVersion "1"]
[SourceVersionDate "2018.07.14"]
[SourceQuality "1"]

1. e4 c5 2. Ne2 Nf6 3. Nbc3 d5 4. exd5 Nxd5 5. Nxd5 Qxd5 6. Nc3 Qd8 7. Bc4 Nc6
8. O-O Bf5 9. Re1 e6 10. d3 Be7 11. Bd2 O-O 12. a4 Rc8 13. Ne4 Qc7 14. Qc1 Rfd8
15. Bf4 Qb6 16. Bd2 Nd4 17. a5 Qc6 18. c3 Nb5 19. Be3 Bf8 20. Bg5 Rd7 21. Qe3
Nd6 22. Bb3 Bg6 23. Ba4 Qc7 24. Bxd7 Qxd7 25. Nxd6 Bxd6 26. d4 c4 27. Bf4 Bf8
28. Qe5 a6 29. h4 Rc6 30. Rad1 f6 31. Qe3 Qd5 32. Qf3 Qxf3 33. gxf3 Bf7 34. Kg2
h5 35. Bb8 b5 36. axb6 Rxb6 37. Bf4 Rxb2 38. Rb1 Rb3 39. Ra1 Rxc3 40. Rxa6 Ra3
41. Rb6 Rb3 42. Rb1 Rxb1 43. Rxb1 c3 44. Rb8 c2 45. Rc8 Bg6 46. Bd6 c1=Q 47.
Rxc1 Bxd6 48. Rc6 Bf4 49. Rxe6 Kf8 50. Ra6 Bf7 51. Rb6 Ke8 52. Ra6 Kd7 53. Ra7+
Bc7 54. f4 Bd5+ 55. Kg3 Kc8 56. Ra1 Kd7 57. Ra7 Kc6 58. Ra1 Bb6 59. Ra8 Be6 60.
Ra4 Kd5 61. Ra1 Bf5 62. Re1 Bxd4 63. Re7 g6 64. Re1 Bg4 65. Rb1 Bc5 66. Ra1 Bd6
67. Ra5+ Ke6 68. Ra6 g5 69. hxg5 fxg5 70. Kg2 gxf4 71. f3 Bf5 72. Ra4 h4 73.
Ra8 Be5 74. Ra6+ Kf7 75. Rb6 Be6 76. Rb7+ Kf6 77. Rb6 Bd4 78. Ra6 h3+ 79. Kh2
Bf2 80. Ra5 Bg3+ 81. Kg1 Bf7 82. Rb5 Kg6 83. Ra5 Bc4 84. Rc5 Be2 85. Rc3 Kg5
86. Ra3 Kh4 87. Rb3 Be1 88. Kh2 Bf2 89. Ra3 Be3 90. Ra8 Bxf3 91. Rh8+ Bh5 92.
Rh7 Bf2 93. Rh8 Bg3+ 94. Kg1 Kg5 95. Rg8+ Kf6 96. Rh8 Bg4 97. Rg8 h2+ 98. Kg2
Bf3+ 0-1

[Event "Open Villa de Benasque 2018"]
[Site "Benasque ESP"]
[Date "2018.07.09"]
[Round "5.9"]
[White "Vazquez Igarza, Renier"]
[Black "Osmak, Iulija"]
[Result "1/2-1/2"]
[WhiteElo "2571"]
[BlackElo "2392"]
[PlyCount "75"]
[EventDate "2018.07.05"]
[EventType "swiss"]
[EventRounds "10"]
[EventCountry "ESP"]
[SourceTitle "Ajedrez en Madrid"]
[Source "lmi"]
[SourceDate "2018.07.05"]
[SourceVersion "1"]
[SourceVersionDate "2018.07.14"]
[SourceQuality "1"]

1. d4 d5 2. Nf3 Nf6 3. Bf4 c5 4. e3 Nc6 5. Nbd2 e6 6. c3 Be7 7. Bd3 Nh5 8. Be5
Nxe5 9. dxe5 g6 10. Bb5+ Bd7 11. Qe2 Bxb5 12. Qxb5+ Qd7 13. a4 a6 14. Qe2 f6
15. exf6 Nxf6 16. e4 O-O 17. O-O Rae8 18. Rfe1 Bd8 19. a5 Bc7 20. e5 Nh5 21.
Qe3 Qb5 22. b4 cxb4 23. Reb1 Bxa5 24. Nd4 Bb6 25. N2f3 Bxd4 26. Nxd4 Qd7 27.
Rxb4 Qc7 28. g3 Rf7 29. Kg2 Ng7 30. g4 Ref8 31. f3 Qc5 32. Qd2 Rc8 33. Rb3 Rcf8
34. h3 Qc7 35. Qe3 Qc5 36. Qe1 Qc7 37. Qe3 Qc5 38. Qd2 1/2-1/2

[Event "Open Villa de Benasque 2018"]
[Site "Benasque ESP"]
[Date "2018.07.10"]
[Round "6.1"]
[White "Nasuta, Grzegorz"]
[Black "Kuzubov, Yuriy"]
[Result "1/2-1/2"]
[WhiteElo "2491"]
[BlackElo "2660"]
[PlyCount "71"]
[EventDate "2018.07.05"]
[EventType "swiss"]
[EventRounds "10"]
[EventCountry "ESP"]
[SourceTitle "Ajedrez en Madrid"]
[Source "lmi"]
[SourceDate "2018.07.05"]
[SourceVersion "1"]
[SourceVersionDate "2018.07.14"]
[SourceQuality "1"]

1. e4 c6 2. d4 d5 3. exd5 cxd5 4. Bd3 Nc6 5. c3 Nf6 6. Bf4 Bg4 7. Qb3 Qd7 8.
Nd2 e6 9. Ngf3 Bxf3 10. Nxf3 Be7 11. Ne5 Qc8 12. O-O O-O 13. Rae1 Re8 14. Qc2
g6 15. Qe2 Nd7 16. Nxf7 Kxf7 17. Qxe6+ Kg7 18. Qxd5 Nf6 19. Qf3 Qd7 20. Bc4 Bd6
21. Bg5 Qf5 22. Qxf5 gxf5 23. Bd3 h6 24. Bd2 f4 25. g3 Rad8 26. Rxe8 Rxe8 27.
Re1 Rxe1+ 28. Bxe1 Nd8 29. Kg2 Ne6 30. Bd2 Kf7 31. Bc4 Ke7 32. Bc1 b6 33. Be2
Kf7 34. Bc4 Ke7 35. Be2 Kf7 36. Bc4 1/2-1/2

[Event "Open Villa de Benasque 2018"]
[Site "Benasque ESP"]
[Date "2018.07.10"]
[Round "6.2"]
[White "Zubov, Alexander"]
[Black "Ubilava, Elizbar"]
[Result "1/2-1/2"]
[WhiteElo "2611"]
[BlackElo "2478"]
[PlyCount "118"]
[EventDate "2018.07.05"]
[EventType "swiss"]
[EventRounds "10"]
[EventCountry "ESP"]
[SourceTitle "Ajedrez en Madrid"]
[Source "lmi"]
[SourceDate "2018.07.05"]
[SourceVersion "1"]
[SourceVersionDate "2018.07.14"]
[SourceQuality "1"]

1. d4 Nf6 2. c4 d6 3. Nf3 g6 4. Nc3 Bf5 5. Bg5 Bg7 6. e3 O-O 7. Bd3 Bxd3 8.
Qxd3 Nbd7 9. e4 e5 10. d5 h6 11. Bxf6 Qxf6 12. Qe2 h5 13. O-O-O Bh6+ 14. Kb1
Kg7 15. Ne1 a5 16. h4 Qe7 17. f3 Rh8 18. g4 hxg4 19. fxg4 Bg5 20. h5 Nf6 21.
Nf3 Bf4 22. Rdg1 Nh7 23. Qd3 b6 24. Ne2 Bg5 25. Rg2 Rae8 26. Neg1 Bf6 27. Nh3
Ng5 28. Rf2 Nxh3 29. Rxh3 Bg5 30. Nxg5 Qxg5 31. Rhf3 Ref8 32. Qf1 f6 33. Rg2
Rh6 34. a3 a4 35. Ka2 Rfh8 36. Qe2 Rf8 37. Qc2 Ra8 38. Rgf2 gxh5 39. Rf5 Qg6
40. gxh5 Rxh5 41. Rg2 Rg5 42. Rgxg5 fxg5 43. Qd2 Kh6 44. Qh2+ Kg7 45. Qg3 Kh6
46. Qh3+ Kg7 47. Qg4 Kh6 48. Rf2 Kg7 49. Qd7+ Kg8 50. Rg2 Rf8 51. Qxc7 g4 52.
Qd7 g3 53. Qh3 Rf3 54. Qc8+ Rf8 55. Qh3 Rf3 56. Qc8+ Kg7 57. Qd7+ Kh6 58. Qh3+
Kg7 59. Qd7+ Kh6 1/2-1/2

[Event "Open Villa de Benasque 2018"]
[Site "Benasque ESP"]
[Date "2018.07.10"]
[Round "6.3"]
[White "Prohaszka, Peter"]
[Black "Jansa, Vlastimil"]
[Result "1-0"]
[WhiteElo "2610"]
[BlackElo "2451"]
[PlyCount "187"]
[EventDate "2018.07.05"]
[EventType "swiss"]
[EventRounds "10"]
[EventCountry "ESP"]
[SourceTitle "Ajedrez en Madrid"]
[Source "lmi"]
[SourceDate "2018.07.05"]
[SourceVersion "1"]
[SourceVersionDate "2018.07.14"]
[SourceQuality "1"]

1. d4 Nf6 2. Bf4 g6 3. e3 Bg7 4. Nf3 O-O 5. Be2 d6 6. h3 c5 7. O-O Qb6 8. Nbd2
Be6 9. Ng5 Bd7 10. Nc4 Qc7 11. a4 h6 12. Nf3 Be6 13. Na3 Qb6 14. Nb5 a6 15. a5
Qc6 16. Nc3 Nbd7 17. Re1 Rac8 18. Bh2 d5 19. Na4 Ne4 20. c3 Rcd8 21. dxc5 Ndxc5
22. Nd4 Qe8 23. Nb6 Nd6 24. Bf3 Nc4 25. Bc7 Nxb2 26. Qe2 Rc8 27. Nxc8 Qxc8 28.
Qxb2 Qxc7 29. Nxe6 fxe6 30. Qc2 Kf7 31. Red1 Rc8 32. e4 Qf4 33. exd5 Be5 34.
dxe6+ Kg7 35. Kf1 Qh2 36. Re1 Bf6 37. Rad1 Qh1+ 38. Ke2 Qh2 39. g3 Qxh3 40. Rh1
Qxe6+ 41. Kf1 Qc4+ 42. Kg2 Qxc3 43. Qa2 Nd3 44. Bxb7 Rb8 45. Qd2 Qxd2 46. Rxd2
Nxf2 47. Rb1 Ng4 48. Re2 Ne5 49. Rc2 Nf7 50. Rcc1 Nd6 51. Rc7 Nb5 52. Rxb5 axb5
53. a6 Bd4 54. Rxe7+ Kf6 55. Rd7 Bc5 56. Bf3 b4 57. a7 Bxa7 58. Rxa7 Rb6 59.
Kf2 b3 60. Be4 b2 61. Bb1 h5 62. Ra8 Kg5 63. Ra5+ Kg4 64. Kg2 Rd6 65. Ra4+ Kg5
66. Rb4 Rd2+ 67. Kf3 Rd6 68. Rxb2 Rf6+ 69. Kg2 Rd6 70. Rb5+ Kh6 71. Kf3 Rf6+
72. Ke3 Re6+ 73. Be4 Rf6 74. Rc5 Rb6 75. Kf3 Rf6+ 76. Kg2 Re6 77. Rc4 Rd6 78.
Kh3 Re6 79. Kh4 Re7 80. Bg2 Re2 81. Kh3 g5 82. Rc6+ Kg7 83. Kh2 g4 84. Kg1 Kh7
85. Kf1 Rd2 86. Be4+ Kg7 87. Rg6+ Kf7 88. Rh6 Rd4 89. Bg2 Rd3 90. Kf2 Rd2+ 91.
Kg1 Rd1+ 92. Kh2 Rd2 93. Rxh5 Kg6 94. Rd5 1-0

[Event "Open Villa de Benasque 2018"]
[Site "Benasque ESP"]
[Date "2018.07.10"]
[Round "6.5"]
[White "Baklan, Vladimir"]
[Black "Soham, Das"]
[Result "1-0"]
[WhiteElo "2595"]
[BlackElo "2359"]
[PlyCount "57"]
[EventDate "2018.07.05"]
[EventType "swiss"]
[EventRounds "10"]
[EventCountry "ESP"]
[SourceTitle "Ajedrez en Madrid"]
[Source "lmi"]
[SourceDate "2018.07.05"]
[SourceVersion "1"]
[SourceVersionDate "2018.07.14"]
[SourceQuality "1"]

1. e4 c6 2. d4 d5 3. e5 Bf5 4. Be2 e6 5. c3 c5 6. Nf3 Nc6 7. O-O Bg6 8. a3 cxd4
9. cxd4 Nge7 10. Nc3 Nc8 11. Be3 Nb6 12. b3 Be7 13. Ne1 Rc8 14. Qd2 O-O 15. Nd3
Na5 16. Qb2 a6 17. Nf4 Bf5 18. g4 Bg6 19. Nxg6 hxg6 20. f4 g5 21. Bd3 f5 22.
exf6 Bxf6 23. fxg5 Bxg5 24. Rxf8+ Kxf8 25. Rf1+ Kg8 26. Qf2 Qf6 27. Qe2 Qh6 28.
Bxg5 Qxg5 29. Qxe6+ 1-0

[Event "Open Villa de Benasque 2018"]
[Site "Benasque ESP"]
[Date "2018.07.10"]
[Round "6.7"]
[White "Forcen Esteban, Daniel"]
[Black "Arjun, Kalyan"]
[Result "1/2-1/2"]
[WhiteElo "2567"]
[BlackElo "2370"]
[PlyCount "156"]
[EventDate "2018.07.05"]
[EventType "swiss"]
[EventRounds "10"]
[EventCountry "ESP"]
[SourceTitle "Ajedrez en Madrid"]
[Source "lmi"]
[SourceDate "2018.07.05"]
[SourceVersion "1"]
[SourceVersionDate "2018.07.14"]
[SourceQuality "1"]

1. e4 e5 2. Bc4 Nf6 3. Nc3 Nxe4 4. Qh5 Nd6 5. Bb3 Be7 6. Qxe5 O-O 7. Nf3 c6 8.
d4 Ne8 9. d5 Bf6 10. Qf4 Nc7 11. Ne4 Nxd5 12. Bxd5 cxd5 13. Nxf6+ Qxf6 14. Qxf6
gxf6 15. O-O d6 16. Bh6 Re8 17. Rad1 Be6 18. Nd4 Nc6 19. Nb5 Rad8 20. Nc7 Re7
21. Nxd5 Bxd5 22. Rxd5 Re6 23. Rfd1 Ne7 24. R5d3 f5 25. Bf4 d5 26. Be3 Rc8 27.
c3 b6 28. Kf1 f6 29. Bd4 Nc6 30. Rg3+ Kf7 31. Be3 Ne7 32. Rh3 Kg7 33. Rd3 Re4
34. b3 Rc7 35. Bh6+ Kg6 36. f3 Re6 37. Bd2 Rc8 38. Rd4 Kg7 39. Rdh4 Rh8 40. Rh5
Re5 41. Rg3+ Kf7 42. Bf4 Re6 43. Bh6 Rg8 44. Rxg8 Kxg8 45. Rh4 Nc6 46. Bd2 Kg7
47. h3 b5 48. Kf2 a6 49. Rh5 Kg6 50. g4 Ne7 51. Rh6+ Kg7 52. Rh5 Kg6 53. a3 a5
54. Be3 fxg4 55. hxg4 Re5 56. Rh6+ Kg7 57. Rh1 Nc6 58. Rd1 b4 59. cxb4 axb4 60.
axb4 Nxb4 61. Bc5 Nc6 62. Bd6 Re8 63. Rxd5 Rd8 64. Ke2 Kf7 65. Rd3 Ke6 66. Bc5
Rxd3 67. Kxd3 f5 68. g5 Ne5+ 69. Ke2 f4 70. Ba3 Nf7 71. Bc1 Ke5 72. b4 Nxg5 73.
b5 Ne6 74. b6 Kd6 75. Kd3 Kc6 76. Ke4 Ng5+ 77. Kxf4 Nxf3 78. Kxf3 Kxb6 1/2-1/2

[Event "Open Villa de Benasque 2018"]
[Site "Benasque ESP"]
[Date "2018.07.10"]
[Round "6.10"]
[White "Osmak, Iulija"]
[Black "Iturrizaga Bonelli, Eduardo"]
[Result "0-1"]
[WhiteElo "2392"]
[BlackElo "2652"]
[PlyCount "130"]
[EventDate "2018.07.05"]
[EventType "swiss"]
[EventRounds "10"]
[EventCountry "ESP"]
[SourceTitle "Ajedrez en Madrid"]
[Source "lmi"]
[SourceDate "2018.07.05"]
[SourceVersion "1"]
[SourceVersionDate "2018.07.14"]
[SourceQuality "1"]

1. e4 c5 2. Nf3 g6 3. d4 cxd4 4. Qxd4 Nf6 5. Nc3 Nc6 6. Qa4 d6 7. e5 dxe5 8.
Nxe5 Bd7 9. Nxd7 Nxd7 10. g3 Bg7 11. Bg2 O-O 12. O-O Nd4 13. Rd1 Nb6 14. Qa5
Qc8 15. Bg5 Nc4 16. Qb4 Nxc2 17. Qxe7 Nxb2 18. Nd5 Nxa1 19. Rxa1 Re8 20. Nf6+
Bxf6 21. Qxf6 Qf5 22. Qxf5 gxf5 23. Bxb7 Rab8 24. Bc6 Re2 25. Rb1 Rb6 26. Bf3
Nd3 27. Rxb6 Re1+ 28. Kg2 axb6 29. Be3 Rb1 30. Be2 Ne1+ 31. Kh3 Rb2 32. Bc4 Nc2
33. Bc1 Rb1 34. Bf4 b5 35. Bd3 Rb2 36. Bc1 Rxa2 37. Bxb5 Nd4 38. Bd7 Rxf2 39.
Be3 Re2 40. Bxd4 Rd2 41. Bxf5 Rxd4 42. Kg2 Kg7 43. Bc8 Rd2+ 44. Kg1 Kf6 45. Bg4
Kg5 46. Bf3 Kf5 47. Bh5 f6 48. Bf3 Ke5 49. Bb7 Kd4 50. Bc6 Ke3 51. Bb7 h5 52.
Bc8 h4 53. gxh4 Kf3 54. Bb7+ Kg4 55. Bc8+ Kxh4 56. Be6 Kg5 57. Bc8 f5 58. Be6
f4 59. Bc8 f3 60. Ba6 Kf4 61. Bf1 Ke3 62. h4 Rd4 63. h5 Rh4 64. Ba6 Rxh5 65.
Bb5 Rxb5 0-1

[Event "Open Villa de Benasque 2018"]
[Site "Benasque ESP"]
[Date "2018.07.11"]
[Round "7.1"]
[White "Prohaszka, Peter"]
[Black "Baklan, Vladimir"]
[Result "1-0"]
[WhiteElo "2610"]
[BlackElo "2595"]
[PlyCount "219"]
[EventDate "2018.07.05"]
[EventType "swiss"]
[EventRounds "10"]
[EventCountry "ESP"]
[SourceTitle "Ajedrez en Madrid"]
[Source "lmi"]
[SourceDate "2018.07.05"]
[SourceVersion "1"]
[SourceVersionDate "2018.07.14"]
[SourceQuality "1"]

1. d4 Nf6 2. c4 e6 3. Nf3 Bb4+ 4. Bd2 a5 5. g3 d5 6. Bg2 O-O 7. Qc2 Be7 8. O-O
Nbd7 9. Rd1 c6 10. Bf4 dxc4 11. Qxc4 Nd5 12. Bd2 b5 13. Qc2 Bb7 14. Nc3 Rc8 15.
Ne5 Nxe5 16. dxe5 Qc7 17. Nxd5 exd5 18. Bf4 g5 19. Bd2 Qxe5 20. Bxa5 b4 21. Qd2
c5 22. a3 Rb8 23. axb4 d4 24. Bxb7 Rxb7 25. bxc5 Bxc5 26. Rac1 Rfb8 27. Rc2 Bb4
28. Bxb4 Rxb4 29. Rdc1 h6 30. Rc8+ Kg7 31. Rxb8 Qxb8 32. Rc2 Qb6 33. Qc1 Qb5
34. Rd2 Rc4 35. Qb1 Qc6 36. Qd3 Kg8 37. Rd1 Rb4 38. Re1 Qb6 39. e3 Rb3 40. Qxd4
Rxb2 41. Qc3 Qb4 42. Qc8+ Kg7 43. Rd1 Rb1 44. Qc2 Rxd1+ 45. Qxd1 Qb5 46. Qd4+
f6 47. g4 Qb7 48. Qd3 Qc6 49. Qf5 Qc1+ 50. Kg2 Qc6+ 51. Qf3 Qd7 52. h4 gxh4 53.
Kh3 Qc7 54. Qg2 Qd7 55. Kxh4 Qe7 56. Kh3 Qd7 57. Qe4 Qc7 58. Kg2 Qd7 59. Kg3
Qc7+ 60. f4 Qd7 61. Qd4 Qc7 62. Kf3 Qb7+ 63. Qe4 Qd7 64. f5 Qd1+ 65. Kf2 Qd2+
66. Kg3 Qe1+ 67. Kf4 Qf2+ 68. Qf3 Qh2+ 69. Qg3 Qe2 70. Qg1 Qc4+ 71. Kg3 Qc7+
72. Kh3 Qc3 73. Kh4 Qd2 74. Kh5 Qd6 75. Qg2 Qe7 76. Qg3 Qf7+ 77. Kh4 Qb7 78.
Qf2 Qh1+ 79. Kg3 Qc1 80. Kg2 Qc4 81. Qf3 Qc2+ 82. Kh3 Qc7 83. Qe4 Qd7 84. Kg3
Qd6+ 85. Kg2 Qd2+ 86. Kh3 Qd7 87. Qf4 Qc6 88. e4 Qc3+ 89. Qg3 Qc1 90. Qf3 Qe1
91. Kg2 Qd2+ 92. Qf2 Qd7 93. Qc2 Qe7 94. Qc6 Qa7 95. e5 Qa2+ 96. Kh3 fxe5 97.
Qg6+ Kf8 98. Qxh6+ Kf7 99. Qg6+ Kf8 100. Qf6+ Kg8 101. Qxe5 Qf2 102. Qg3 Qf1+
103. Kh4 Qh1+ 104. Kg5 Qc1+ 105. Qf4 Qc6 106. Qe5 Qb7 107. f6 Qd7 108. Qf5 Qc7
109. Qe6+ Kf8 110. Qe7+ 1-0

[Event "Open Villa de Benasque 2018"]
[Site "Benasque ESP"]
[Date "2018.07.11"]
[Round "7.3"]
[White "Castellanos Rodriguez, Renier"]
[Black "Kuzubov, Yuriy"]
[Result "1/2-1/2"]
[WhiteElo "2498"]
[BlackElo "2660"]
[PlyCount "48"]
[EventDate "2018.07.05"]
[EventType "swiss"]
[EventRounds "10"]
[EventCountry "ESP"]
[SourceTitle "Ajedrez en Madrid"]
[Source "lmi"]
[SourceDate "2018.07.05"]
[SourceVersion "1"]
[SourceVersionDate "2018.07.14"]
[SourceQuality "1"]

1. d4 Nf6 2. c4 e6 3. Nf3 d5 4. g3 Bb4+ 5. Bd2 Be7 6. Bg2 c6 7. Qb3 b6 8. O-O
dxc4 9. Qc2 O-O 10. Bf4 b5 11. e4 a5 12. Nc3 Na6 13. a3 Bb7 14. Rad1 Re8 15.
Rfe1 Qb6 16. e5 Nd5 17. Nxd5 cxd5 18. Ng5 Bxg5 19. Bxg5 Nb8 20. Qe2 Nd7 21. Qg4
Kh8 22. Qf4 Kg8 23. Qg4 Kh8 24. Qf4 Kg8 1/2-1/2

[Event "Open Villa de Benasque 2018"]
[Site "Benasque ESP"]
[Date "2018.07.11"]
[Round "7.5"]
[White "Gascon Del Nogal, Jose Rafael"]
[Black "Zubov, Alexander"]
[Result "1/2-1/2"]
[WhiteElo "2458"]
[BlackElo "2611"]
[PlyCount "30"]
[EventDate "2018.07.05"]
[EventType "swiss"]
[EventRounds "10"]
[EventCountry "ESP"]
[SourceTitle "Ajedrez en Madrid"]
[Source "lmi"]
[SourceDate "2018.07.05"]
[SourceVersion "1"]
[SourceVersionDate "2018.07.14"]
[SourceQuality "1"]

1. e4 g6 2. d4 Bg7 3. Nf3 c6 4. h3 d6 5. a4 Nf6 6. Nc3 O-O 7. Bd3 Nbd7 8. Be3
e5 9. dxe5 Nxe5 10. Nxe5 dxe5 11. Bc4 Qe7 12. Qf3 Qb4 13. Bb3 Be6 14. Ra3 Qe7
15. O-O Rfd8 1/2-1/2

[Event "Open Villa de Benasque 2018"]
[Site "Benasque ESP"]
[Date "2018.07.11"]
[Round "7.8"]
[White "Vazquez Igarza, Renier"]
[Black "Plazuelo Pascual, Juan"]
[Result "1-0"]
[WhiteElo "2571"]
[BlackElo "2434"]
[PlyCount "127"]
[EventDate "2018.07.05"]
[EventType "swiss"]
[EventRounds "10"]
[EventCountry "ESP"]
[SourceTitle "Ajedrez en Madrid"]
[Source "lmi"]
[SourceDate "2018.07.05"]
[SourceVersion "1"]
[SourceVersionDate "2018.07.14"]
[SourceQuality "1"]

1. d4 Nf6 2. g3 d5 3. Nf3 c5 4. Bg2 cxd4 5. O-O Bd7 6. Nxd4 e5 7. Nb3 Bc6 8. c4
Be7 9. cxd5 Bxd5 10. Nc3 Bxg2 11. Qxd8+ Bxd8 12. Kxg2 Nc6 13. Rd1 O-O 14. Nc5
b6 15. Nd7 Re8 16. Nxf6+ Bxf6 17. Nd5 Red8 18. Be3 Ne7 19. Nxf6+ gxf6 20. Rac1
Nf5 21. Rxd8+ Rxd8 22. Kf3 Rd7 23. Ke4 Nxe3 24. Kxe3 f5 25. Rc8+ Kg7 26. b4 f4+
27. gxf4 exf4+ 28. Kf3 Rd2 29. a3 Ra2 30. Rc7 Rxa3+ 31. Kxf4 Ra4 32. e4 Rxb4
33. Rxa7 Rb2 34. Kg3 b5 35. Rb7 b4 36. f4 b3 37. e5 Kg6 38. Rb6+ Kg7 39. h3 Rb1
40. Kg4 b2 41. Kf5 Rh1 42. Rxb2 Rxh3 43. Rb8 Ra3 44. Kg4 Ra4 45. Rb7 Kg6 46.
Rb6+ Kg7 47. Rb8 h6 48. Kf5 Ra6 49. Rd8 Rb6 50. Kg4 Rb4 51. Rd7 Kg6 52. Rd6+
Kg7 53. Kf5 Ra4 54. Rd7 Ra6 55. Kg4 Rg6+ 56. Kf3 Ra6 57. f5 Kg8 58. f6 Ra4 59.
Rd8+ Kh7 60. e6 Ra3+ 61. Ke2 Ra2+ 62. Kd1 Ra1+ 63. Kc2 fxe6 64. f7 1-0

[Event "Open Villa de Benasque 2018"]
[Site "Benasque ESP"]
[Date "2018.07.11"]
[Round "7.9"]
[White "Alvarado Diaz, Alejandro"]
[Black "Forcen Esteban, Daniel"]
[Result "1-0"]
[WhiteElo "2402"]
[BlackElo "2567"]
[PlyCount "55"]
[EventDate "2018.07.05"]
[EventType "swiss"]
[EventRounds "10"]
[EventCountry "ESP"]
[SourceTitle "Ajedrez en Madrid"]
[Source "lmi"]
[SourceDate "2018.07.05"]
[SourceVersion "1"]
[SourceVersionDate "2018.07.14"]
[SourceQuality "1"]

1. g3 e5 2. Bg2 f5 3. d4 e4 4. Nh3 d5 5. O-O c6 6. f3 Be7 7. c3 Nf6 8. Bg5 Nh5
9. Bxe7 Qxe7 10. fxe4 fxe4 11. c4 dxc4 12. Qc2 Na6 13. Nd2 Nf6 14. Ng5 Nb4 15.
Qxc4 e3 16. Nde4 Nxe4 17. Bxe4 Bd7 18. a3 Qxg5 19. axb4 h5 20. Ra5 Qh6 21. Qf7+
Kd8 22. d5 Re8 23. dxc6 bxc6 24. Bf5 Qd6 25. Bxd7 Qxd7 26. Qxh5 Kc7 27. b5 Qd5
28. b6+ 1-0

[Event "Open Villa de Benasque 2018"]
[Site "Benasque ESP"]
[Date "2018.07.12"]
[Round "8.1"]
[White "Iturrizaga Bonelli, Eduardo"]
[Black "Prohaszka, Peter"]
[Result "1/2-1/2"]
[WhiteElo "2652"]
[BlackElo "2610"]
[PlyCount "67"]
[EventDate "2018.07.05"]
[EventType "swiss"]
[EventRounds "10"]
[EventCountry "ESP"]
[SourceTitle "Ajedrez en Madrid"]
[Source "lmi"]
[SourceDate "2018.07.05"]
[SourceVersion "1"]
[SourceVersionDate "2018.07.14"]
[SourceQuality "1"]

1. c4 c6 2. d4 d5 3. cxd5 cxd5 4. Bg5 Nf6 5. Bxf6 gxf6 6. Nc3 Nc6 7. e3 e6 8.
g3 f5 9. Bg2 Bd7 10. Nf3 Rc8 11. O-O Bd6 12. Ne1 O-O 13. Nd3 Nb4 14. Nf4 Bxf4
15. gxf4 Kh8 16. Qd2 Rg8 17. Rfc1 Qf8 18. Kh1 Qd6 19. Bf3 Nc6 20. Rg1 Rxg1+ 21.
Rxg1 Ne7 22. Be2 Ng8 23. Bd3 Nf6 24. f3 Rg8 25. Rc1 Qf8 26. Qf2 Qh6 27. Ne2 Rc8
28. Rxc8+ Bxc8 29. Qe1 Qf8 30. Qa5 Bd7 31. Kg2 Qb8 32. Kf2 b6 33. Qa3 Kg7 34.
Nc3 1/2-1/2

[Event "Open Villa de Benasque 2018"]
[Site "Benasque ESP"]
[Date "2018.07.12"]
[Round "8.2"]
[White "Vocaturo, Daniele"]
[Black "Saptarshi, Roy"]
[Result "1-0"]
[WhiteElo "2609"]
[BlackElo "2500"]
[PlyCount "79"]
[EventDate "2018.07.05"]
[EventType "swiss"]
[EventRounds "10"]
[EventCountry "ESP"]
[SourceTitle "Ajedrez en Madrid"]
[Source "lmi"]
[SourceDate "2018.07.05"]
[SourceVersion "1"]
[SourceVersionDate "2018.07.14"]
[SourceQuality "1"]

1. d4 d5 2. c4 e6 3. Nc3 c6 4. e4 Bb4 5. Bd2 Ne7 6. a3 Ba5 7. Nf3 O-O 8. Qc2
Nd7 9. Bd3 dxc4 10. Bxc4 b5 11. Bd3 e5 12. Nxe5 Nxe5 13. dxe5 Qd4 14. Ne2 Bxd2+
15. Qxd2 Qxe5 16. Rc1 Rd8 17. Qc2 a6 18. f4 Qd6 19. Rd1 Bg4 20. O-O Qg6 21. Rf2
Rd7 22. Re1 Rad8 23. f5 Qf6 24. Nf4 Qe5 25. Bf1 Nxf5 26. Nd3 Rxd3 27. Bxd3 Nd4
28. Qc3 c5 29. Bf1 f6 30. a4 c4 31. axb5 axb5 32. Qe3 Nb3 33. Qb6 Rd4 34. h3
Be6 35. Re3 h6 36. Be2 Rd6 37. Qa7 Kh7 38. Qe7 Qc5 39. Bf1 Nd2 40. Rg3 1-0

[Event "Open Villa de Benasque 2018"]
[Site "Benasque ESP"]
[Date "2018.07.12"]
[Round "8.5"]
[White "Arjun, Kalyan"]
[Black "Vazquez Igarza, Renier"]
[Result "0-1"]
[WhiteElo "2370"]
[BlackElo "2571"]
[PlyCount "90"]
[EventDate "2018.07.05"]
[EventType "swiss"]
[EventRounds "10"]
[EventCountry "ESP"]
[SourceTitle "Ajedrez en Madrid"]
[Source "lmi"]
[SourceDate "2018.07.05"]
[SourceVersion "1"]
[SourceVersionDate "2018.07.14"]
[SourceQuality "1"]

1. e4 c6 2. d4 d5 3. Nd2 dxe4 4. Nxe4 Nf6 5. Nxf6+ exf6 6. c3 Bf5 7. Bd3 Bxd3
8. Qxd3 Bd6 9. Qe4+ Be7 10. Nf3 O-O 11. O-O Re8 12. Re1 Nd7 13. b3 a5 14. Bb2
a4 15. c4 Nf8 16. Qc2 axb3 17. axb3 Rxa1 18. Bxa1 Qd7 19. Bc3 Ng6 20. Qe4 f5
21. Qe3 Rd8 22. Ne5 Nxe5 23. Qxe5 Bf6 24. Qe3 h6 25. Rd1 Qe6 26. Rd3 b5 27.
Qxe6 fxe6 28. cxb5 cxb5 29. Kf1 e5 30. d5 Kf7 31. Bb4 e4 32. Rd1 Be5 33. g3 g5
34. h3 h5 35. Ke2 f4 36. g4 hxg4 37. hxg4 Rh8 38. Re1 Bd4 39. Kd1 Re8 40. Re2
f3 41. Rc2 e3 42. fxe3 Rxe3 43. Rc7+ Ke8 44. d6 f2 45. Rc8+ Kf7 0-1

[Event "Open Villa de Benasque 2018"]
[Site "Benasque ESP"]
[Date "2018.07.12"]
[Round "8.6"]
[White "Kuzubov, Yuriy"]
[Black "Gascon Del Nogal, Jose Rafael"]
[Result "0-1"]
[WhiteElo "2660"]
[BlackElo "2458"]
[PlyCount "56"]
[EventDate "2018.07.05"]
[EventType "swiss"]
[EventRounds "10"]
[EventCountry "ESP"]
[SourceTitle "Ajedrez en Madrid"]
[Source "lmi"]
[SourceDate "2018.07.05"]
[SourceVersion "1"]
[SourceVersionDate "2018.07.14"]
[SourceQuality "1"]

1. Nf3 Nf6 2. c4 e6 3. g3 d5 4. Bg2 d4 5. O-O c5 6. d3 Nc6 7. e3 Bd6 8. exd4
cxd4 9. Bg5 h6 10. Bxf6 Qxf6 11. a3 a5 12. Nbd2 Qe7 13. Rc1 O-O 14. Qc2 a4 15.
c5 Bc7 16. Rfe1 Rd8 17. Ne4 Bd7 18. Nfd2 f5 19. Nd6 Bxd6 20. cxd6 Qxd6 21. Nc4
Qc7 22. Ne5 Ra5 23. f4 Rb5 24. Re2 Qb6 25. Nxd7 Rxd7 26. Rxe6 Rxb2 27. Qxa4 Qb3
28. Bxc6 Qxe6 0-1